000 00710cam a2200193 a 4500
999 _c3048
_d3048
020 _a0521430267 (hard)
020 _a0521436184 (pbk.)
020 _a9780521436182
050 0 0 _aHF1359
_b.K46
100 1 _aKenen, Peter B.,
245 1 4 _aThe international economy /
_cPeter B. Kenen.
250 _a3rd ed.
260 _aCambridge [England] ;
_aNew York, NY, USA :
_bCambridge University Press,
_c1994.
300 _aix, 621 p. :
_bill. (some col.) ;
_c26 cm.
505 _aIntroduction-- International trade theory and policy. -- International monetary theory and policy.--
650 0 _aInternational economic relations.
650 0 _aInternational economic relations
_xMathematical models.
942 _cBK